000 00676nam a2200265Ia 4500
005 20260121161431.0
008 008 260114s9999 xx 000 0 eng d
020 _a9781315219431
037 _aEBOOK
040 _aCRL
040 _beng
040 _cCRL
041 _2eng
041 _aeng
084 _qCRL
100 _aFiber Optic Sensors
_91044717
245 0 _aFrancis T.S. Yu; Paul B. Ruffin; Shizhuo Yin
260 _bTaylor and Francis
260 _c2008
650 _aElectrical & Electronic Engineering
_91044718
856 _uhttp://www.taylorfrancis.com/books/9781315219431
942 _cEBOOK
999 _c1610766
_d1610766